Losowe stolice Europy - Statystyki

Ogólne statystyki
  • Ten quiz został rozwiązany 886 razy
  • Średni wynik to 13 z 15
Statystyki odpowiedzi
Państwo Stolica % Poprawnych
Polska Warszawa
100%
Niemcy Berlin
99%
Włochy Rzym
99%
Ukraina Kijów
98%
Francja Paryż
98%
Rosja Moskwa
97%
Holandia Amsterdam
91%
Irlandia Dublin
88%
Finlandia Helsinki
88%
Białoruś Mińsk
88%
Bośnia i Hercegowina Sarajewo
77%
Estonia Tallinn
73%
Serbia Belgrad
68%
Liechtenstein Vaduz
67%
Malta Valetta
63%
Nie znaleziono quizów pasujących do podanych kryteriów
Rozkład punktacji
Procent ludzi z każdym wynikiem
Percentyl według liczby udzielonych odpowiedzi
Twoja historia wyników
Nie rozwiązałeś tego quizu